00909cam a2200277 a 4500001000500000005001700005020001500022040002300037050001500060082001100075100002200086245004100108250004300149260003500192300005800227505000800285520013500293521002000428521002000448650002900468650002100497650002500518650002700543650002900570650003200599317820240215151908.0 a059046244X aDLCcDLCdDLCbeng00aPZ7.P7518600a306.851 aPolacco, Patricia10aChicken Sunday /cPolacco, Patricia  aFirst Scholastic printing , March 1993 aNew York :bScholastic ,c1992 a31 unnumbered pages :bcolor illustrations ; c28 cm. aP  aTo thank Miss Eula for her wonderful Sunday chicken dinners, three children sell decorated eggs to buy her a beautiful Easter hat. a650 bLexile  aP bRaz-Plus  1aEgg decorationvFiction. 1aEastervFiction. 1aFriendshipvFiction. 1aGrandmothersvFiction. 1aRace relationsvFiction. 1aAfrican AmericansvFiction.